[Event "28th WSCC2018 - Open 65+"]
[Site "Bled"]
[Date "2018.11.21"]
[Round "4.2"]
[White "Rashkovsky, Nukhim N"]
[Black "Maryasin, Boris"]
[Result "1-0"]
[WhiteElo "2482"]
[BlackElo "2284"]
[PlyCount "69"]
[EventDate "2018.11.18"]

1. d4 Nf6 2. Nf3 e6 3. c4 d5 4. e3 b6 5. b3 Bb7 6. Bd3 Bd6 7. Nc3 O-O 8. Qc2 a6
9. e4 dxe4 10. Nxe4 Bb4+ 11. Ke2 Nbd7 12. Rd1 Be7 13. Nxf6+ Nxf6 14. Ne5 c5 15.
g4 cxd4 16. g5 Qc7 17. Bf4 Bd6 18. gxf6 Bxe5 19. Bxh7+ Kh8 20. fxg7+ Kxg7 21.
Rg1+ Kh8 22. Qd3 f6 23. Bh6 f5 24. Bg6 Rg8 25. Qh3 d3+ 26. Kxd3 Rxg6 27. Rxg6
Qh7 28. Rag1 Be4+ 29. Ke2 f4 30. Bg7+ Bxg7 31. Qxh7+ Kxh7 32. Rxg7+ Kh8 33.
R7g4 e5 34. Rh4+ Bh7 35. Rg5 1-0

[Event "28th WSCC2018 - Open 65+"]
[Site "Bled"]
[Date "2018.11.21"]
[Round "4.3"]
[White "Boehnisch, Manfred"]
[Black "Balashov, Yuri S"]
[Result "0-1"]
[WhiteElo "2261"]
[BlackElo "2445"]
[PlyCount "42"]
[EventDate "2018.11.18"]

1. e4 e5 2. Nf3 Nc6 3. Nc3 Nf6 4. Bb5 Bd6 5. d3 h6 6. h3 a6 7. Bc4 b5 8. Bd5 b4
9. Bxc6 dxc6 10. Ne2 a5 11. Be3 c5 12. Ng3 Be6 13. Nd2 g6 14. Nc4 Bxc4 15. dxc4
Nd7 16. Qd2 h5 17. a4 Nf8 18. b3 Ne6 19. O-O-O Qh4 20. Qe1 Be7 21. f3 Nf4 0-1

[Event "28th WSCC2018 - Open 65+"]
[Site "Bled"]
[Date "2018.11.21"]
[Round "4.4"]
[White "Jansa, Vlastimil"]
[Black "Wahlbom, Magnus"]
[Result "1-0"]
[WhiteElo "2437"]
[BlackElo "2173"]
[PlyCount "73"]
[EventDate "2018.11.18"]

1. e4 c5 2. Nf3 d6 3. d4 cxd4 4. Nxd4 Nf6 5. Nc3 a6 6. Bd3 e5 7. Nde2 Be7 8.
O-O Nc6 9. Kh1 O-O 10. f4 exf4 11. Nxf4 Ne5 12. Qe1 b5 13. a4 b4 14. Ncd5 Nxd5
15. Nxd5 b3 16. Be3 Rb8 17. Ba7 Nxd3 18. cxd3 Rb7 19. Bd4 Be6 20. Qg3 f6 21.
Nf4 Bf7 22. a5 Rb5 23. Bb6 Qd7 24. Ne2 Rg5 25. Qe3 d5 26. Ng3 Be6 27. d4 Bd6
28. e5 Be7 29. Rac1 Rg6 30. Rc7 Qe8 31. Rxe7 Qxe7 32. Bc5 Qd7 33. Bxf8 Kxf8 34.
Qxb3 Kf7 35. Qb6 Qc8 36. Ne2 Qc4 37. Rc1 1-0

[Event "28th WSCC2018 - Open 65+"]
[Site "Bled"]
[Date "2018.11.21"]
[Round "4.5"]
[White "Renman, Nils-Gustaf"]
[Black "Gundersen, Helge"]
[Result "1-0"]
[WhiteElo "2351"]
[BlackElo "2109"]
[PlyCount "61"]
[EventDate "2018.11.18"]

1. d4 e6 2. c4 f5 3. Nf3 Nf6 4. g3 d5 5. Bg2 c6 6. Bf4 Be7 7. Qc2 O-O 8. O-O
Qe8 9. Nc3 Ne4 10. Rab1 Nd7 11. Ne5 g5 12. Nxd7 Bxd7 13. Be5 Bf6 14. e3 Bxe5
15. dxe5 Nxc3 16. bxc3 b5 17. cxb5 cxb5 18. Rfd1 Rc8 19. Bf1 f4 20. exf4 gxf4
21. Rd4 Rc5 22. Qd2 Qh5 23. Rxf4 Qxe5 24. Rxf8+ Kxf8 25. Rb4 Qxc3 26. Qh6+ Ke7
27. Rg4 Qc2 28. Rg7+ Kd6 29. Qf4+ e5 30. Qf6+ Kc7 31. Qf7 1-0

[Event "28th WSCC2018 - Open 65+"]
[Site "Bled"]
[Date "2018.11.21"]
[Round "4.6"]
[White "Vaisser, Anatoli"]
[Black "Werner, Clemens"]
[Result "1-0"]
[WhiteElo "2504"]
[BlackElo "2266"]
[PlyCount "54"]
[EventDate "2018.11.18"]

1. d4 d6 2. e4 Nf6 3. Nc3 e5 4. dxe5 dxe5 5. Qxd8+ Kxd8 6. Bc4 Bb4 7. Bd2 Ke7
8. Nf3 Nbd7 9. O-O-O Bc5 10. Bg5 c6 11. Bh4 b5 12. Bb3 a5 13. a4 b4 14. Ne2 h6
15. Nd2 Ba6 16. Bc4 Bb7 17. Ng3 Kf8 18. Nf5 g6 19. Nb3 gxf5 20. Nxc5 Nxc5 21.
Bxf6 Rh7 22. exf5 Ne4 23. Bh4 Re8 24. f3 Ng5 25. Bf2 Rg7 26. h4 Nh7 27. Be3
Rxg2 1-0

[Event "28th WSCC2018 - Open 65+"]
[Site "Bled"]
[Date "2018.11.21"]
[Round "4.7"]
[White "Cebalo, Miso"]
[Black "Birnboim, Nathan"]
[Result "1/2-1/2"]
[WhiteElo "2262"]
[BlackElo "2376"]
[PlyCount "84"]
[EventDate "2018.11.18"]

1. Nf3 Nf6 2. c4 e6 3. g3 d5 4. Bg2 c6 5. d4 Bb4+ 6. Bd2 Be7 7. Qc2 O-O 8. O-O
b6 9. Rd1 Bb7 10. Bg5 Nbd7 11. Nbd2 c5 12. cxd5 Nxd5 13. Bxe7 Qxe7 14. Rac1
Rfc8 15. Qb3 a5 16. a3 a4 17. Qa2 N5f6 18. Qb1 h6 19. e3 cxd4 20. exd4 Qd8 21.
Ne5 Bxg2 22. Kxg2 Rxc1 23. Qxc1 Nxe5 24. dxe5 Nd5 25. Ne4 Rc8 26. Qd2 Rc7 27.
Qe2 Qa8 28. Qf3 Qc6 29. Rd2 Qc1 30. Qd1 Qxd1 31. Rxd1 Kf8 32. Rd4 b5 33. Nd6
Rc5 34. Ne4 Rc1 35. h4 Ke7 36. Kf3 f6 37. exf6+ gxf6 38. Rd3 Rb1 39. Rd2 Rc1
40. Rd3 Rb1 41. Rd2 Rc1 42. Rd3 Rb1 1/2-1/2

[Event "28th WSCC2018 - Open 65+"]
[Site "Bled"]
[Date "2018.11.21"]
[Round "4.10"]
[White "Rooze, Jan"]
[Black "Lederman, Leon"]
[Result "0-1"]
[WhiteElo "2288"]
[BlackElo "2255"]
[PlyCount "99"]
[EventDate "2018.11.18"]

1. e4 c5 2. Nf3 d6 3. Bb5+ Bd7 4. Bxd7+ Qxd7 5. O-O Nc6 6. c3 g6 7. d4 cxd4 8.
cxd4 Bg7 9. d5 Na5 10. Na3 Rc8 11. Qe2 a6 12. Rb1 b5 13. Bd2 Nb7 14. Rfd1 Nf6
15. Bc3 O-O 16. Nc2 Nc5 17. e5 dxe5 18. Bxe5 Qb7 19. Ne3 Rfd8 20. d6 exd6 21.
Bxf6 Bxf6 22. Nd5 Nd7 23. Ne7+ Bxe7 24. Qxe7 Nc5 25. Qh4 Qe4 26. Qh6 Ne6 27.
Rbc1 Qe2 28. Qd2 Qxd2 29. Nxd2 Kf8 30. Kf1 Ke7 31. Nb3 Kd7 32. Rxc8 Rxc8 33.
Rd2 Rc4 34. g3 h5 35. h4 Nc7 36. Na5 Rc1+ 37. Ke2 d5 38. b4 Rb1 39. Nb3 Kd6 40.
Kd3 Ne6 41. Kc2 Re1 42. Kb2 Re4 43. a3 f5 44. Na5 f4 45. Rc2 f3 46. Rc6+ Ke5
47. Rxa6 Re2+ 48. Kc3 Rxf2 49. Kd3 Ra2 50. Nc6+ 0-1

[Event "28th WSCC2018 - Open 65+"]
[Site "Bled"]
[Date "2018.11.21"]
[Round "4.11"]
[White "Leskovar, Mario"]
[Black "Ackermann, Hans Werner"]
[Result "1/2-1/2"]
[WhiteElo "2242"]
[BlackElo "2272"]
[PlyCount "115"]
[EventDate "2018.11.18"]

1. b3 a5 2. a4 Nf6 3. Bb2 d6 4. f4 Bf5 5. Nf3 e6 6. e3 Nbd7 7. Be2 h5 8. Na3 h4
9. Nc4 d5 10. Nce5 Nxe5 11. Nxe5 c6 12. O-O Bc5 13. Nf3 Qe7 14. Bd4 Bg4 15.
Bxc5 Qxc5 16. Nd4 Bxe2 17. Qxe2 Qe7 18. c4 g6 19. Rac1 Nd7 20. cxd5 exd5 21.
Qg4 Nf6 22. Qh3 Qd7 23. Rf3 Rh5 24. Qxd7+ Nxd7 25. Rh3 Ke7 26. g4 Rh7 27. g5
Kd6 28. Kf2 Nc5 29. Ke2 Re8 30. Rg1 Ne6 31. Nxe6 Kxe6 32. Rg4 Reh8 33. d3 Kd6
34. Kd2 Kc5 35. Kc3 b5 36. axb5 cxb5 37. f5 b4+ 38. Kd2 a4 39. bxa4 Ra8 40.
Rgxh4 Rxh4 41. Rxh4 Rxa4 42. fxg6 fxg6 43. Rh6 Ra2+ 44. Kc1 b3 45. Rxg6 Rxh2
46. e4 d4 47. e5 Re2 48. Re6 Kb4 49. g6 Rg2 50. Rc6 b2+ 51. Kb1 Kb3 52. Rb6+
Kc3 53. Rc6+ Kxd3 54. e6 Rxg6 55. e7 Rg1+ 56. Kxb2 Re1 57. Rc7 Kd2 58. Rc2+
1/2-1/2

[Event "28th WSCC2018 - Open 65+"]
[Site "Bled"]
[Date "2018.11.21"]
[Round "4.12"]
[White "Van Riemsdijk, Herman C"]
[Black "Baum, Bernd"]
[Result "1/2-1/2"]
[WhiteElo "2270"]
[BlackElo "2252"]
[PlyCount "44"]
[EventDate "2018.11.18"]

1. e4 e6 2. d4 d5 3. Nc3 Nf6 4. Bg5 dxe4 5. Nxe4 Nbd7 6. Nf3 h6 7. Nxf6+ Nxf6
8. Bh4 c5 9. Bd3 cxd4 10. O-O Bc5 11. Qe2 O-O 12. Rad1 Bd7 13. c3 Bc6 14. Ne5
Be7 15. Nxc6 bxc6 16. cxd4 Qb6 17. Bg3 Rfd8 18. Be5 Kf8 19. Rc1 Nd7 20. Be4
Nxe5 21. dxe5 Rac8 22. Rc2 Qa5 1/2-1/2

[Event "28th WSCC2018 - Open 65+"]
[Site "Bled"]
[Date "2018.11.21"]
[Round "4.13"]
[White "Tunik, Gennady"]
[Black "Hartung-Nielsen, Jens"]
[Result "1/2-1/2"]
[WhiteElo "2365"]
[BlackElo "2186"]
[PlyCount "101"]
[EventDate "2018.11.18"]

1. d4 d5 2. c4 e6 3. Nf3 c5 4. cxd5 exd5 5. g3 Nc6 6. Bg2 Nf6 7. O-O Be7 8. Nc3
O-O 9. dxc5 Bxc5 10. a3 Re8 11. b4 Bf8 12. Bb2 Bg4 13. Rc1 Qd7 14. Rc2 Rad8 15.
Nd4 Ne5 16. Bc1 h6 17. Ncb5 Nc6 18. Nxc6 bxc6 19. Nd4 Rc8 20. Bb2 a5 21. Qc1
axb4 22. axb4 Qd6 23. Rxc6 Rxc6 24. Qxc6 Qxb4 25. Bc3 Qb8 26. Qa6 Qc8 27. Qxc8
Rxc8 28. Ba1 Ba3 29. f3 Bd7 30. Kf2 Rc1 31. Rxc1 Bxc1 32. e3 Ba3 33. Bf1 Bc5
34. Ba6 Ne8 35. Bb7 Nc7 36. Bc3 Bb6 37. Ne2 g5 38. Be5 Be6 39. g4 Ne8 40. h3 f6
41. Bc3 Nd6 42. Ba6 Kf7 43. Bd3 Bd7 44. Nd4 Nc4 45. Ke2 Nd6 46. Bb4 Bxd4 47.
exd4 Nc4 48. Kf2 Bb5 49. Bc2 Nb2 50. Ba3 Nd3+ 51. Bxd3 1/2-1/2

[Event "28th WSCC2018 - Open 65+"]
[Site "Bled"]
[Date "2018.11.21"]
[Round "4.14"]
[White "Yakimenko, Alexander A"]
[Black "Vogt, Lothar"]
[Result "1/2-1/2"]
[WhiteElo "2125"]
[BlackElo "2359"]
[PlyCount "54"]
[EventDate "2018.11.18"]

1. e4 c5 2. Nf3 e6 3. b3 d6 4. Bb5+ Bd7 5. Bxd7+ Nxd7 6. O-O Ngf6 7. Re1 Be7 8.
c4 Ne5 9. Nc3 Nfd7 10. d3 Bf6 11. Bb2 O-O 12. Qe2 a6 13. Nxe5 Bxe5 14. Nd1 Qf6
15. Bxe5 Nxe5 16. Ne3 a5 17. Rab1 Nc6 18. Nc2 Qc3 19. Rec1 b6 20. a3 Qe5 21.
Qd2 f5 22. f4 Qf6 23. exf5 Qxf5 24. Rf1 Qf6 25. Qe3 Rae8 26. Qe4 Ne7 27. d4 Qf5
1/2-1/2

[Event "28th WSCC2018 - Open 65+"]
[Site "Bled"]
[Date "2018.11.21"]
[Round "4.15"]
[White "Norman, Kenneth I"]
[Black "Shirazi, Kamran"]
[Result "1-0"]
[WhiteElo "2099"]
[BlackElo "2333"]
[PlyCount "113"]
[EventDate "2018.11.18"]

1. Nf3 d5 2. d4 Bg4 3. Ne5 Bf5 4. c4 dxc4 5. Nc3 Nd7 6. Nxc4 Ngf6 7. f3 e6 8.
e4 Bg6 9. Be2 a6 10. a4 c5 11. dxc5 Nxc5 12. Qxd8+ Rxd8 13. Be3 Nfd7 14. Rd1 f5
15. exf5 Bxf5 16. Kf2 Nb3 17. Bd3 Bb4 18. Bxf5 exf5 19. Nd5 Na5 20. Nxa5 Bxa5
21. b4 f4 22. Bd4 Nb8 23. Rhe1+ Kf7 24. Re7+ Kg6 25. Nxf4+ Kf5 26. Re5+ Kf6 27.
Rxa5+ Kf7 28. Rf5+ Kg8 29. Bc5 Rc8 30. Nd5 Nc6 31. Ne7+ Nxe7 32. Bxe7 g6 33.
Rc5 Kf7 34. Rxc8 Rxc8 35. Bc5 Rc7 36. a5 g5 37. Rd6 Kg7 38. g3 h6 39. Re6 Rc8
40. f4 g4 41. Ke3 Rd8 42. f5 Rd1 43. Kf4 h5 44. Kg5 h4 45. Kxg4 Rf1 46. gxh4
Rh1 47. Re7+ Kf6 48. Re6+ Kf7 49. Kg5 Rxh2 50. Re7+ Kg8 51. f6 Rg2+ 52. Kh6 Rg4
53. f7+ Kf8 54. Re4+ Kxf7 55. Rxg4 b5 56. axb6 Kf6 57. b7 1-0

[Event "28th WSCC2018 - Open 65+"]
[Site "Bled"]
[Date "2018.11.21"]
[Round "4.16"]
[White "Vepkhvishvili, Varlam"]
[Black "Karasev, Vladimir I"]
[Result "1-0"]
[WhiteElo "2073"]
[BlackElo "2314"]
[Annotator "uporabnik"]
[PlyCount "83"]
[EventDate "2018.11.18"]

1. d4 Nf6 2. c3 d6 3. Bf4 Nh5 4. Bg5 h6 5. Bh4 g5 6. e3 Ng7 7. Bg3 Nf5 8. Bd3
Nxg3 9. hxg3 Bg7 10. Nd2 Nd7 11. f4 Nf6 12. Ngf3 g4 13. Nh4 e6 14. Qe2 h5 15.
e4 Nd7 16. O-O Bf6 17. Qe1 Qe7 18. e5 Bxh4 19. gxh4 d5 20. g3 Nf8 21. f5 exf5
22. Bxf5 Be6 23. Nb3 Nd7 24. Qe2 O-O-O 25. Kg2 Kb8 26. Bd3 c5 27. Bb5 cxd4 28.
Bxd7 d3 29. Qxd3 Bxd7 30. Rae1 Rh6 31. Nd4 a6 32. a3 Rb6 33. Rf2 Re8 34. Qh7 f6
35. Qxe7 Rxe7 36. exf6 Rxe1 37. f7 Re8 38. fxe8=Q+ Bxe8 39. Rf8 Rxb2+ 40. Kf1
Ra2 41. Rxe8+ Kc7 42. Re5 {...76} 1-0

[Event "28th WSCC2018 - Open 65+"]
[Site "Bled"]
[Date "2018.11.21"]
[Round "4.17"]
[White "Kiefer, Gerhard"]
[Black "Haubt, Georg"]
[Result "1-0"]
[WhiteElo "2306"]
[BlackElo "2136"]
[PlyCount "49"]
[EventDate "2018.11.18"]

1. e4 e5 2. Nf3 Nc6 3. Bb5 a6 4. Ba4 f5 5. Nc3 b5 6. Bb3 b4 7. Nd5 fxe4 8. Ng1
Nf6 9. Ne2 Bb7 10. d4 exd3 11. Qxd3 Na5 12. Bg5 Nxb3 13. axb3 Be7 14. Bxf6 Bxf6
15. O-O-O d6 16. f3 Bg5+ 17. Kb1 Bxd5 18. Qxd5 Ra7 19. Rhe1 Qa8 20. Qe6+ Be7
21. Nd4 Rf8 22. Rxe5 Rf7 23. Rf5 Rf6 24. Rxf6 gxf6 25. Nf5 1-0

[Event "28th WSCC2018 - Open 65+"]
[Site "Bled"]
[Date "2018.11.21"]
[Round "4.18"]
[White "Goncharov, Viktor"]
[Black "Buchal, Stephan"]
[Result "0-1"]
[WhiteElo "2048"]
[BlackElo "2288"]
[PlyCount "40"]
[EventDate "2018.11.18"]

1. d4 g6 2. c4 Bg7 3. Nc3 d6 4. e4 Nf6 5. f3 O-O 6. Be3 a6 7. Qd2 Nc6 8. Nge2
Na5 9. Nc1 Nd7 10. Be2 c5 11. O-O cxd4 12. Bxd4 Ne5 13. b3 Nac6 14. Bf2 Qa5 15.
Be1 b5 16. cxb5 axb5 17. a4 b4 18. Nd5 Nxf3+ 19. Rxf3 Bxa1 20. Nxb4 Qc5+ 0-1

[Event "28th WSCC2018 - Open 65+"]
[Site "Bled"]
[Date "2018.11.21"]
[Round "4.19"]
[White "Pritchett, Craig W"]
[Black "Gal, Moshe"]
[Result "1/2-1/2"]
[WhiteElo "2286"]
[BlackElo "2116"]
[PlyCount "183"]
[EventDate "2018.11.18"]

1. e4 c5 2. Nf3 g6 3. d4 cxd4 4. Nxd4 Nc6 5. c4 Bg7 6. Be3 Nf6 7. Nc3 O-O 8.
Be2 d6 9. O-O Bd7 10. h3 Nxd4 11. Bxd4 Bc6 12. Qc2 Rc8 13. Rad1 Qc7 14. Qd3 b6
15. Rfe1 Rcd8 16. Bf3 Nd7 17. Bxg7 Kxg7 18. Qd4+ Kg8 19. b4 Ne5 20. Be2 g5 21.
Qe3 f6 22. Rc1 Kh8 23. Bf1 e6 24. Ne2 Qg7 25. Nd4 Bd7 26. c5 dxc5 27. bxc5 bxc5
28. Rxc5 Rc8 29. Rec1 Rxc5 30. Rxc5 Rc8 31. Qa3 g4 32. hxg4 Nxg4 33. Qxa7 Rxc5
34. Qxc5 Ne5 35. Bb5 Qf7 36. Bxd7 Nxd7 37. Qc8+ Kg7 38. Qc6 Nf8 39. Qd6 Qe8 40.
Qc7+ Kg8 41. Qg3+ Kf7 42. Qc7+ Kg8 43. Nc6 Qa8 44. Ne7+ Kh8 45. Qc8 Qxc8 46.
Nxc8 Nd7 47. f3 Kg7 48. Kf2 Kg6 49. Ke3 Kg5 50. g4 h5 51. gxh5 Kxh5 52. a4 Kg5
53. a5 Nb8 54. Ne7 Na6 55. f4+ Kh4 56. Nc6 Kg4 57. Nd4 Nc7 58. Nb3 Na6 59. e5
fxe5 60. fxe5 Kf5 61. Kd4 Nb8 62. Kc5 Kxe5 63. Kb6 Kd6 64. Kb7 Nc6 65. a6 e5
66. Kb6 Ne7 67. Nd2 Kd7 68. Kb7 Nc6 69. Ne4 Nd8+ 70. Kb6 Nc6 71. Nc5+ Kd6 72.
Nb7+ Kd7 73. Nc5+ Kd6 74. Ne4+ Kd7 75. Ng5 Ne7 76. Kb7 Nc8 77. Nf7 e4 78. Ne5+
Kd8 79. Nc6+ Kd7 80. Ne5+ Kd8 81. Nc4 Kd7 82. Kb8 Kd8 83. Ne3 Kd7 84. Nc4 Kd8
85. Kb7 Kd7 86. Ne5+ Kd8 87. Ng4 Nd6+ 88. Kb6 Nc8+ 89. Kc6 Ne7+ 90. Kb6 Nc8+
91. Kb7 Nd6+ 92. Kb6 1/2-1/2

[Event "28th WSCC2018 - Open 65+"]
[Site "Bled"]
[Date "2018.11.21"]
[Round "4.20"]
[White "Shevelev, Arkady"]
[Black "Pastor Alonso De Prado, Alberto"]
[Result "1/2-1/2"]
[WhiteElo "2278"]
[BlackElo "2102"]
[PlyCount "76"]
[EventDate "2018.11.18"]

1. e4 e5 2. Nf3 Nc6 3. Nc3 d6 4. Bb5 Bd7 5. d4 Nf6 6. O-O Be7 7. Re1 exd4 8.
Nxd4 O-O 9. Nxc6 Bxc6 10. Bf4 Bxb5 11. Nxb5 Nd7 12. Nd4 Bg5 13. Bxg5 Qxg5 14.
Re3 g6 15. c3 Rfe8 16. Qe2 Nc5 17. Rf1 Qe7 18. Re1 c6 19. Qg4 Rad8 20. Nf5 Qf8
21. Rh3 Kh8 22. Qh4 h5 23. Ree3 Re6 24. Nd4 Ree8 25. Qf4 Ne6 26. Nxe6 Rxe6 27.
g4 Qe7 28. gxh5 g5 29. Qg4 Re8 30. Rhf3 Re5 31. Rf5 f6 32. Qf3 Re6 33. h6 Kh7
34. Qg4 Rg8 35. Rff3 Rg6 36. Kf1 Re5 37. Re2 Qe6 38. Qxe6 Rxe6 1/2-1/2

[Event "28th WSCC2018 - Open 65+"]
[Site "Bled"]
[Date "2018.11.21"]
[Round "4.21"]
[White "Giffard, Nicolas"]
[Black "Nickel, Arno"]
[Result "1-0"]
[WhiteElo "2249"]
[BlackElo "2100"]
[PlyCount "75"]
[EventDate "2018.11.18"]

1. d4 d5 2. c4 e6 3. Nf3 Nf6 4. Nc3 Be7 5. Bg5 O-O 6. Qc2 a6 7. e3 Nbd7 8. cxd5
exd5 9. Rd1 Re8 10. h3 c6 11. Bd3 Nf8 12. Bf4 Ne6 13. Be5 g6 14. O-O Ng7 15.
Na4 Bf5 16. Nc5 Bxd3 17. Rxd3 b6 18. Nb3 Rc8 19. Rc3 c5 20. dxc5 Ne4 21. Rd3
Nxc5 22. Nxc5 Rxc5 23. Qd2 Bf6 24. Bxf6 Qxf6 25. b4 Rc6 26. Rxd5 Rec8 27. Nd4
Rc4 28. b5 axb5 29. Rxb5 Ra4 30. Rfb1 Ra6 31. Qb2 Rb8 32. Rc1 Ne8 33. Rc6 Qd8
34. a3 h6 35. Qb3 Kg7 36. Qd3 Rba8 37. Rxg6+ Kf8 38. Rxh6 1-0

[Event "28th WSCC2018 - Open 65+"]
[Site "Bled"]
[Date "2018.11.21"]
[Round "4.22"]
[White "Brettschneider, Karl"]
[Black "Herbrechtsmeier, Christof"]
[Result "1/2-1/2"]
[WhiteElo "2016"]
[BlackElo "2247"]
[PlyCount "39"]
[EventDate "2018.11.18"]

1. c4 Nf6 2. Nc3 d5 3. cxd5 Nxd5 4. g3 g6 5. Bg2 Nxc3 6. bxc3 Bg7 7. d4 O-O 8.
Rb1 Nd7 9. e4 Nb6 10. Ne2 Bd7 11. O-O Rc8 12. Qd3 Ba4 13. c4 c5 14. d5 e6 15.
Nc3 exd5 16. Nxa4 Nxa4 17. exd5 Qd7 18. Bd2 Rfe8 19. Rfe1 Bd4 20. Qc2 1/2-1/2

[Event "28th WSCC2018 - Open 65+"]
[Site "Bled"]
[Date "2018.11.21"]
[Round "4.23"]
[White "Strand, Kjetil"]
[Black "Franzen, Jozef"]
[Result "1-0"]
[WhiteElo "1995"]
[BlackElo "2239"]
[PlyCount "75"]
[EventDate "2018.11.18"]

1. e4 g6 2. d4 Bg7 3. Nc3 d6 4. f4 c6 5. Nf3 Bg4 6. Be3 Qb6 7. Qd2 Bxf3 8. gxf3
Nd7 9. O-O-O Qa5 10. e5 Nh6 11. Bh3 Nf5 12. Rhe1 O-O-O 13. Kb1 dxe5 14. fxe5
Nxe5 15. Qg2 Nc4 16. Bc1 e6 17. Bxf5 Qxf5 18. Qf2 Kb8 19. Rd3 Rd7 20. Red1 Rhd8
21. Ne4 e5 22. Rc3 Rxd4 23. Rxd4 Rxd4 24. Qe2 Nd6 25. Nc5 Nb5 26. Rb3 b6 27. a4
bxc5 28. axb5 c4 29. Rb4 c5 30. Rxc4 Bf8 31. Rc3 f6 32. b6 axb6 33. Qa6 Rb4 34.
Ra3 Kc7 35. Qa8 Qc8 36. Ra7+ Kd8 37. Qd5+ Ke8 38. Qf7+ 1-0

[Event "28th WSCC2018 - Open 65+"]
[Site "Bled"]
[Date "2018.11.21"]
[Round "4.24"]
[White "Hardicsay, Peter"]
[Black "Anguera Maestro, Jaime"]
[Result "1-0"]
[WhiteElo "2223"]
[BlackElo "2072"]
[Annotator "uporabnik"]
[PlyCount "121"]
[EventDate "2018.11.18"]

1. e4 g6 2. d4 Bg7 3. c4 d6 4. Nf3 Bg4 5. Be2 Nd7 6. Nc3 e5 7. Be3 Ne7 8. d5
O-O 9. O-O Bxf3 10. Bxf3 f5 11. Rc1 f4 12. Bd2 Nf6 13. b4 g5 14. c5 Ng6 15. Bg4
Kh8 16. Be6 Ne8 17. f3 Bf6 18. Be1 Be7 19. Bf2 Ng7 20. Bh3 h5 21. Kh1 Rf6 22.
cxd6 Bxd6 23. Nb5 a6 24. Nxd6 cxd6 25. Qc2 Rf7 26. a4 Ne8 27. Bg1 Rg7 28. Qe2
Nf8 29. Rc2 Nd7 30. Bf5 Ndf6 31. Rfc1 g4 32. a5 Qe7 33. Bb6 Rg5 34. Be6 Nd7 35.
fxg4 hxg4 36. Bxg4 Ndf6 37. Bf3 Qd7 38. Qe1 Rg7 39. Rc3 Rh7 40. Qe2 Rh4 41. Bf2
Rh7 42. Bb6 Kg8 43. Kg1 Kf8 44. Rc4 Rg7 45. R1c3 Rh7 46. h3 Rg7 47. Kf1 Rh7 48.
Ke1 Rg7 49. Kd2 Rh7 50. Kc2 Rg7 51. Kb3 Rh7 52. Qc2 Rg7 53. Rc8 Rxc8 54. Rxc8
Rg3 55. Rc3 Qb5 56. Bf2 Rg7 57. Rc8 Qd7 58. Bh4 Qf7 59. Bxf6 Qxf6 60. Bh5 Re7
61. Rb8 1-0

[Event "28th WSCC2018 - Open 65+"]
[Site "Bled"]
[Date "2018.11.21"]
[Round "4.25"]
[White "Henrichsen, Erland"]
[Black "Gruzmann, Boris"]
[Result "0-1"]
[WhiteElo "1962"]
[BlackElo "2215"]
[PlyCount "82"]
[EventDate "2018.11.18"]

1. e4 c5 2. Nc3 d6 3. f4 Nc6 4. Nf3 g6 5. Bb5 Bd7 6. O-O Bg7 7. d3 Nh6 8. Bxc6
Bxc6 9. Qe1 e6 10. f5 gxf5 11. Qg3 Bxc3 12. Bxh6 Bxb2 13. Rab1 fxe4 14. Rxb2
exf3 15. Qg7 Kd7 16. Qxf7+ Qe7 17. Qxe7+ Kxe7 18. gxf3 Rhg8+ 19. Kf2 Rg6 20.
Bf4 Rf8 21. Ke3 Rg2 22. Bg3 e5 23. a4 d5 24. Rf2 d4+ 25. Ke2 Rxf2+ 26. Kxf2
Rxf3+ 27. Ke2 Re3+ 28. Kf2 b6 29. Ra2 Ke6 30. a5 b5 31. Ra1 c4 32. dxc4 bxc4
33. Rb1 Rc3 34. Rb2 Be4 35. Rb8 Rxc2+ 36. Ke1 d3 37. Re8+ Kf7 38. Rxe5 d2+ 39.
Kd1 Bf3+ 40. Kxc2 d1=Q+ 41. Kc3 Qd3+ 0-1

[Event "28th WSCC2018 - Open 65+"]
[Site "Bled"]
[Date "2018.11.21"]
[Round "4.26"]
[White "Lind, Jan-Olov"]
[Black "Ofstad, Per"]
[Result "1/2-1/2"]
[WhiteElo "2215"]
[BlackElo "2064"]
[PlyCount "125"]
[EventDate "2018.11.18"]

1. e4 e5 2. Nf3 Nc6 3. Be2 Nf6 4. d3 d5 5. Nbd2 Bd6 6. O-O O-O 7. c3 h6 8. a3
b6 9. b4 Bb7 10. Re1 dxe4 11. dxe4 Ne7 12. Qc2 Ng6 13. Bc4 Nh5 14. Nf1 Kh8 15.
Ng3 Nxg3 16. hxg3 Qd7 17. Nh2 a5 18. Rb1 axb4 19. axb4 Ne7 20. Qe2 f5 21. Qh5
Ng8 22. exf5 Rxf5 23. Qg4 Qc6 24. Bf1 Raf8 25. Nf3 Rxf3 26. gxf3 Qxc3 27. Bb2
Qxb4 28. Bxe5 Qxg4 29. fxg4 Bc5 30. Rb2 Nf6 31. Bxf6 Rxf6 32. Re8+ Kh7 33. Bd3+
g6 34. Be4 Bxe4 35. Rxe4 g5 36. Kg2 Bd6 37. Rb3 Kg7 38. Re8 Bc5 39. Rb2 Kf7 40.
Rc8 Bd6 41. Rb8 Ke6 42. Rd2 Kd7 43. Rd3 Kc6 44. Rf3 Re6 45. Rf5 Bc5 46. f4 b5
47. fxg5 hxg5 48. Rxg5 b4 49. Rf5 Bb6 50. Rf3 Kb5 51. g5 Rg6 52. Rf5+ Kc4 53.
Kf3 b3 54. Kg4 b2 55. Rf1 Bd4 56. Kf5 Rb6 57. Rxb6 cxb6 58. Ke4 b5 59. g6 b4
60. g4 Bg7 61. g5 b3 62. Rh1 Bd4 63. Rf1 1/2-1/2

[Event "28th WSCC2018 - Open 65+"]
[Site "Bled"]
[Date "2018.11.21"]
[Round "4.27"]
[White "Cicek, Cemil"]
[Black "Privara, Igor"]
[Result "0-1"]
[WhiteElo "1775"]
[BlackElo "2207"]
[PlyCount "86"]
[EventDate "2018.11.18"]

1. d4 d5 2. c4 e6 3. Nc3 c5 4. cxd5 exd5 5. Nf3 Nc6 6. e3 Nf6 7. Be2 Bd6 8. O-O
O-O 9. Nb5 Be7 10. b3 Ne4 11. Bb2 a6 12. Nc3 cxd4 13. Nxe4 dxe4 14. Nxd4 Nxd4
15. Qxd4 Qxd4 16. Bxd4 Be6 17. Bb2 Rfd8 18. Rfd1 b5 19. Kf1 f5 20. h3 Kf7 21.
Rxd8 Rxd8 22. Rd1 Rxd1+ 23. Bxd1 b4 24. Bd4 a5 25. Ke2 Bf6 26. Bb6 a4 27. bxa4
Bxa2 28. Bd4 b3 29. Bxf6 Kxf6 30. Kd2 b2 31. Bc2 b1=Q 32. Bxb1 Bxb1 33. Kc3 Ke6
34. Kd4 Kd6 35. a5 Bd3 36. f3 exf3 37. gxf3 Be2 38. f4 Ba6 39. h4 g6 40. e4
fxe4 41. Kxe4 Ke6 42. h5 Bb7+ 43. Ke3 Kf5 0-1

[Event "28th WSCC2018 - Open 65+"]
[Site "Bled"]
[Date "2018.11.21"]
[Round "4.28"]
[White "Lotsov Har-Zahav, Avraham"]
[Black "Frick, Christoph"]
[Result "0-1"]
[WhiteElo "1700"]
[BlackElo "2186"]
[PlyCount "126"]
[EventDate "2018.11.18"]

1. e4 c6 2. d4 d5 3. Nc3 dxe4 4. Nxe4 Nf6 5. Nxf6+ exf6 6. Nf3 Bd6 7. Be2 O-O
8. O-O Nd7 9. c3 Re8 10. Be3 Nf8 11. Qc2 Ng6 12. g3 Bg4 13. Rfe1 Qa5 14. Nd2
Qh5 15. Bxg4 Qxg4 16. Qd1 Qh3 17. Qf3 f5 18. Qg2 Qxg2+ 19. Kxg2 f4 20. Nc4 Bc7
21. Bd2 b5 22. Na3 f5 23. Nc2 a5 24. a4 Kf7 25. axb5 cxb5 26. Kf3 fxg3 27. hxg3
Rad8 28. Na3 Rd5 29. Rxe8 Kxe8 30. Nc2 Ne5+ 31. Ke2 Nc4 32. Bc1 a4 33. Nb4 Rd7
34. Nd3 h6 35. Bf4 Bxf4 36. gxf4 Re7+ 37. Kf3 Nd2+ 38. Kg2 Re4 39. Rh1 Nc4 40.
Rh5 Re2 41. Rxf5 Rd2 42. Rxb5 Rxd3 43. Rb4 Nd6 44. Rxa4 Rd2 45. Ra6 Ke7 46.
Ra7+ Kf6 47. Ra6 Ke7 48. Ra7+ Kf8 49. Ra8+ Kf7 50. Ra7+ Kg8 51. Ra8+ Kh7 52. b4
Rc2 53. Rd8 Ne4 54. Kf3 Nf6 55. Rc8 Nd5 56. Ke4 Rxc3 57. Rc5 Nf6+ 58. Kf5 Rd3
59. d5 Rxd5+ 60. Rxd5 Nxd5 61. b5 Nb6 62. Ke5 h5 63. Kd6 h4 0-1

[Event "28th WSCC2018 - Open 65+"]
[Site "Bled"]
[Date "2018.11.21"]
[Round "4.29"]
[White "Singer, Hans"]
[Black "Hohler, Peter"]
[Result "1-0"]
[WhiteElo "2186"]
[BlackElo "2048"]
[PlyCount "137"]
[EventDate "2018.11.18"]

1. d4 Nf6 2. Nf3 d5 3. c4 e6 4. Nc3 Bb4 5. Bg5 h6 6. Bxf6 Qxf6 7. e3 O-O 8. Qb3
Bxc3+ 9. Qxc3 c6 10. Rc1 Nd7 11. cxd5 exd5 12. Bd3 Re8 13. b4 Nb6 14. b5 Bd7
15. bxc6 Bxc6 16. Ne5 Rac8 17. O-O Bb5 18. Qb4 Bxd3 19. Nxd3 Qf5 20. Rxc8 Rxc8
21. Nc5 Rc7 22. Qa5 Qc8 23. Qxa7 Nd7 24. Nxd7 Qxd7 25. h3 g6 26. Qb8+ Rc8 27.
Qf4 h5 28. Rb1 Qc6 29. g4 hxg4 30. Qxg4 Ra8 31. Qf4 b6 32. Kg2 Kg7 33. Qe5+ Kh7
34. Rb2 Ra7 35. h4 Ra8 36. Qf4 Kg7 37. Qg5 Rh8 38. Qe5+ Kh7 39. a4 Ra8 40. Rb5
Ra5 41. Qf4 Kg7 42. Qe5+ Kh7 43. Qe7 Kg7 44. Qe5+ Kh7 45. Rxa5 bxa5 46. h5 gxh5
47. Qxh5+ Kg7 48. Qg5+ Kh7 49. Kg3 f6 50. Qf5+ Kg7 51. Qg4+ Kf7 52. Qd1 Qd6+
53. Kg2 Qd7 54. Qc2 Kg7 55. Qb3 Kg6 56. f3 Qc6 57. Kf2 Kg5 58. Qb5 Qc2+ 59. Kg3
Kh6 60. Qxd5 Qxa4 61. Qe6 Qb4 62. Qxf6+ Kh7 63. d5 Qe1+ 64. Kf4 Qb4+ 65. Kf5
Qb1+ 66. e4 a4 67. Qf7+ Kh8 68. d6 Qb5+ 69. Kf6 1-0